Vplyv daňovej a odvodovej politiky na trh práce v SR diplomová práca

Salvato in:
Dettagli Bibliografici
Autore principale: Korpa, Eduard
Ente Autore: Národohospodárska fakulta EU. Katedra financií
Altri autori: Zubaľová, Alena, 1959-
Natura: Libro
Lingua:slovacco
Pubblicazione: Bratislava 2021
Tags: Aggiungi Tag
Nessun Tag, puoi essere il primo ad aggiungerne!!

MARC

LEADER 00000nbm a2200000 4500
001 0274288
005 20220104091247.2
041 0 |a slo 
044 |a SK 
245 1 0 |a Vplyv daňovej a odvodovej politiky na trh práce v SR  |b diplomová práca  |c Eduard Korpa ; školiteľ: Alena Zubaľová 
264 1 |a Bratislava  |c 2021 
300 |a 67 s. 
100 1 |a Korpa, Eduard 
700 1 |a Zubaľová, Alena, 1959- 
710 2 |a Národohospodárska fakulta EU. Katedra financií